Score 0/26 Timer 09:00
1 Play Today
Clue Color % Correct
K L E P _ O M _ _ I Atan
81.2%
E _ R T H _ _ _ K Eaqua
80.6%
V E N T _ I L O Q _ I _ _rust
75%
_ _ _ I D _ X T _ O U Samber
72.4%
_ _ B B _ E _ Y G O O Kgold
71%
Q U I C K _ _ _ _ _ _silver
64%
L O N _ S H O _ _ M _ _green
63.9%
J U R I S _ R _ D E N _ _puce
55.5%
Y E A _ N _ _red
54.7%
_ _ C _ _ E C _ _ O M I C Smaroon
52.2%
H Y _ E R L _ _ _pink
50.6%
O _ _ I Q _ _blue
46.3%
_ _ _ _ O S E F U _ N _ S Spurple
43.9%
Clue Color % Correct
_ R _ S T _ L L I _ Ecyan
43.4%
F L I B _ _ R T _ _ I B B _ Tbeige
42.3%
T R _ A _ H E _ O _ Secru
39.7%
_ O R _ _ _ I _ Gbrown
33.8%
X E R O _ _ _ P H _gray
30.3%
U N E N C _ _ _ _ _ E Dumber
29.4%
S H _ _ T C H _ _ _ _orange
27.6%
Z O O _ _ C H N I C _ _teal
27.4%
_ _ _ _ _ E S T I _ Nindigo
27.3%
D Y _ P _ _ S _ _sepia
23.2%
_ E G _ T I _ I T _navy
21.5%
_ _ _ S _ L _white
19.2%
R E _ _ V E _ _ B _ Ecoral
11.4%
Remove Ads.
Support Sporcle.
Get the best of Sporcle when you Go Orange. This ad-free experience offers more features, more stats, and more fun while also helping to support Sporcle. Thank you for becoming a member.

You're not logged in!

Compare scores with friends on all Sporcle quizzes.
OR
Log In

Show Comments

Extras

Top Quizzes Today


Score Distribution

Your Account Isn't Verified!

In order to create a playlist on Sporcle, you need to verify the email address you used during registration. Go to your Sporcle Settings to finish the process.

Report this User

Report this user for behavior that violates our Community Guidelines.

Details: